[Event "Mombaca op 6th"]
[Site "Mombaca"]
[Date "2022.08.20"]
[Round "3"]
[White "Dias, Inacio Januario"]
[Black "Ataide, Igor Silva"]
[Result "1-0"]
[WhiteElo "1802"]
[BlackElo "1292"]
[PlyCount "105"]
[EventDate "2022.08.19"]
[EventType "swiss"]
[EventRounds "6"]
[EventCountry "BRA"]
[SourceTitle "CBM 210 Extra"]
[Source "ChessBase"]
[SourceDate "2022.11.30"]
[SourceVersion "1"]
[SourceVersionDate "2022.11.30"]
[SourceQuality "1"]

1. d4 d5 2. Nf3 e6 3. Bf4 Nf6 4. e3 Be7 5. Bd3 0-0 6. 0-0 Nbd7 7. c4 c5 8. Nc3 dxc4 9. Bxc4 b6 10. dxc5 Nxc5 11. Qxd8 Rxd8 12. Rfd1 Bb7 13. Rxd8+ Rxd8 14. Rd1 Rc8 15. Be2 Nce4 16. Nxe4 Nxe4 17. h3 Nf6 18. Nd4 Rc5 19. b4 Rc8 20. a3 h6 21. Bf3 Bxf3 22. Nxf3 Rc3 23. Ra1 Nd5 24. Be5 Rb3 25. Nd4 Rd3 26. Nc6 Bf6 27. Bxf6 Nxf6 28. Nxa7 Ne4 29. Nb5 Nc3 30. Nxc3 Rxc3 31. a4 Rc8 32. a5 Ra8 33. Kf1 bxa5 34. bxa5 Kf8 35. a6 Ke7 36. a7 Kd7 37. Ke2 g5 38. Kf3 f5 39. e4 h5 40. exf5 exf5 41. g4 hxg4+ 42. hxg4 fxg4+ 43. Kxg4 Ke7 44. Kxg5 Rg8+ 45. Kf4 Rf8+ 46. Ke3 Ra8 47. f4 Kf7 48. f5 Kf6 49. Kf4 Kf7 50. Ke5 Re8+ 51. Kd6 Re2 52. a8Q Rd2+ 53. Qd5+ 1-0